Když tě doprovázím polka /

Hlavní autor: Čuma, Alois, 1903-1966
Další autoři: Moravecký, Vilda, 1914-
Jazyk: Čeština
Vydáno: Brno : A. Čuma, [1950?]
Fyzický popis: 22 hlasů
Hudebniny Hudebniny
Uloženo v:
LEADER 00779ncm a22002412a 4500
001 001067142
003 CZ BrMZK
005 20100830122147.0
007 qu
008 091125s1950 xr |||||||||||||||||cze d
040 |a BOA001  |b cze 
072 7 |a 784  |x Vokální hudba  |2 Konspekt  |9 9 
100 1 |a Čuma, Alois,  |d 1903-1966  |7 jk01021941  |4 cmp 
245 1 0 |a Když tě doprovázím  |h [hudebnina] :  |b polka /  |c Alois Čuma ; slova Vilda Moravecký 
260 |a Brno :  |b A. Čuma,  |c [1950?] 
300 |a 22 hlasů 
500 |a Dechová hudba 
500 |a Rozmnož. 
700 1 |a Moravecký, Vilda,  |d 1914-  |7 jk01082078  |4 lyr 
910 |a BOA001  |b Mus1-0598.048 
990 |a MU 
991 |b 200911 
996 6 |b 2619448536  |c Mus1-0598.048  |l MZK  |r Sklad / do 1 hodiny  |n 0  |w 001098148  |u 000010  |a 1  |e BOA001  |j MZK50  |s P